Uspokojenie pohľadávok v konkurze sa zvýši

Novelizácia zákona o konkurze a reštrukturalizácii, prináša zásadné zmeny konkurzného práva, ktorých cieľom je zvýšiť vymožiteľnosť pohľadávok veriteľov a urýchliť konkurzné konanie. Zákon č. 348/2011 Z. z. a zákon č. 7/2005 Z. z. o konkurze a reštrukturalizácii.

Gespeichert in:
Bibliographische Detailangaben
1. Verfasser: Jánošová, Veronika, 1953-
Format: Buchkapitel
Sprache:Slowakisch
Schlagworte:
Tags: Tag hinzufügen
Keine Tags, Fügen Sie das erste Tag hinzu!

MARC

LEADER 00000naa$a2200000$$$4500
001 0163404
005 20240502072835.4
041 0 |a slo 
044 |a SK 
245 1 0 |a Uspokojenie pohľadávok v konkurze sa zvýši  |c Veronika Jánošová 
520 |a Novelizácia zákona o konkurze a reštrukturalizácii, prináša zásadné zmeny konkurzného práva, ktorých cieľom je zvýšiť vymožiteľnosť pohľadávok veriteľov a urýchliť konkurzné konanie. Zákon č. 348/2011 Z. z. a zákon č. 7/2005 Z. z. o konkurze a reštrukturalizácii. 
610 2 0 |a pokles podniku 
610 2 0 |a konkurzy 
610 2 0 |a reštrukturalizácia 
610 2 0 |a financie podnikové 
610 2 0 |a podstata konkurzná 
610 2 0 |a konanie konkurzné 
610 2 0 |a pohľadávky 
100 1 |a Jánošová, Veronika, 1953-